| 000 | 00600nam a2200193 i 4500 | ||
|---|---|---|---|
| 001 | 70788 | ||
| 003 | ES-MaACL | ||
| 005 | 20230906170925.0 | ||
| 007 | t| | ||
| 008 | 040803s1963 sp ||||1| spa d | ||
| 100 | 1 |
_aGarrido y Comas, J. J. _955731 |
|
| 245 | 1 | 0 |
_aDiccionario práctico de seguros / _cpor J.J. Garrido y Comas. |
| 260 |
_aBarcelona : _bEl Peñón, _c[1963] ( _fAriel) |
||
| 300 |
_a215 p. ; _c19 cm. |
||
| 490 | 1 |
_aManuales prácticos de seguros ; _v1 |
|
| 830 | 0 |
_aManuales prácticos de seguros ; _v1 _9183315 |
|
| 852 |
_aES-MaACL _jC-25078 _bR.53802 |
||
| 999 |
_c70788 _d70788 |
||